Best Call of Duty Guns - Statistics

General Stats
  • This quiz has been taken 1,756 times
  • The average score is 6 of 20
Answer Stats
Rank Game(s) Answer % Correct
1 WaW MP40
64%
10 MW, MW2, BO, MW3, BO2 AK-47
63%
2 MW2, MW3 ACR
60%
9 MW2 Intervention
47%
4 MW, MW2, MW3, BO2 M16
44%
6 BO FAMAS (BO)
39%
11 MW2 FAMAS (MW2)
39%
3 BO2 MSMC
39%
13 WaW PPSH-41
39%
20 MW, MW2, MW3, BO2 Barrett .50cal
29%
5 BO2 M8A1
29%
12 MW2, BO, BO2 FAL
21%
17 MW, MW2, MW3 P90
19%
19 MW, MW2, MW3 Desert Eagle
16%
14 MW2, BO, MW3, BO2 SPAS-12
15%
15 WaW PTRS-41
10%
18 BO2 KSG
9%
7 BO2, GHOSTS LSAT
8%
8 WaW M1A1 Carbine
6%
16 BO2 KAP-40
3%
No matching quizzes found
Score Distribution
Percent of People with Each Score
Percentile by Number Answered
Your Score History
You have not taken this quiz